| 000 | 00651nab#a2200217#c#4500 | ||
|---|---|---|---|
| 999 |
_c53342 _d53342 |
||
| 003 | IEF | ||
| 005 | 20191205184916.0 | ||
| 008 | 950704s1975 uuu|| #####0 b| |u | ||
| 040 |
_aIEF _cES-MaIEF |
||
| 100 | 1 |
_aLagares Calvo, Manuel Jesús _924628 |
|
| 245 |
_aLas necesidades públicas en España _bniveles de cobertura _c Manuel J. Lagares Calvo |
||
| 260 | _c1975 | ||
| 500 | _aConclusiones,Bibliografía | ||
| 650 | 4 |
_aBIENES PUBLICOS _933416 |
|
| 650 | 4 |
_aGASTO PUBLICO _944787 |
|
| 650 | 4 |
_aPOLITICA DE GASTO PUBLICO _948053 |
|
| 773 | 0 |
_tHacienda pública española _w34570 _g36, p. 103-120 |
|
| 942 | _2udc | ||
| 942 | _2udc | ||